Statistics for H Vocabulary Words Quiz #2

Click here to take the quiz!

General Stats

  • This quiz has been taken 43,197 times
    (43,188 since last reset)
  • The average score is 13 of 22

Answer Stats

DefinitionWord% Correct
Church songHymn
89%
Car that uses both gas and electric powerHybrid
87%
Japanese poem with 17 syllablesHaiku
84%
To argue over pricesHaggle
81%
To put a curse on someoneHex
81%
MurderHomicide
81%
Seven-sided polygonHeptagon
76%
Vehicle used to transport dead bodiesHearse
71%
Muscle on the back of the legHamstring
69%
FireplaceHearth
65%
Muslim version of KosherHalal
60%
Word with the same sound and spelling,
but with a different meaning
Homonym
60%
System of writing that uses pictures
to represent sounds
Hieroglyphic
55%
Oily fish, often smoked or kipperedHerring
52%
Corporate recruiterHeadhunter
51%
Villain's underlingHenchman
51%
Branch of learning
that includes art, literature, etc...
Humanities
51%
Ugly creature with the face of a woman
and the body of a bird
Harpy
40%
Investment position used to offset riskHedge
33%
In medieval times, a male red
deer over 5 years old
Hart
29%
Jester-like character with a bright,
checkered costume
Harlequin
28%
Historic name for rabies, and also
one of its symptoms
Hydrophobia
25%

Score Distribution

Percentile by Number Answered

Percent of People with Each Score

Your Score History

You have not taken this quiz since the last reset